Normal view
MARC view
- Medical Surgical Nursing
Entry Geographic Name
001 - CONTROL NUMBER
- control field: 217283
003 - CONTROL NUMBER IDENTIFIER
- control field: OSt
005 - DATE AND TIME OF LATEST TRANSACTION
- control field: 20260325125107.0
008 - FIXED-LENGTH DATA ELEMENTS
- fixed length control field: 260325|| aca||aabn | a|a d
040 ## - CATALOGING SOURCE
- Original cataloging agency: OSt
- Transcribing agency: OSt
151 ## - HEADING--GEOGRAPHIC NAME
- Geographic name: Medical Surgical Nursing
670 ## - SOURCE DATA FOUND
- Source citation: Work cat.: (OSt)369100: TNAI Pub. 217281, Medical Surgical Nursing : Nursing Process Approach Vol.2, 2024